MARC

LEADER 00000nam0a2200000 4500
001 272316
005 20231101234524.0
035 |a (RuTPU)RU\TPU\book\295522 
035 |a RU\TPU\book\286997 
090 |a 272316 
100 |a 20141016d1984 k y0rusy50 ca 
101 0 |a rus 
102 |a RU 
105 |a a z 001zy 
200 1 |a Физика структуры и свойств твердых тел  |e межвузовский сборник  |f Куйбышевский государственный университет (КГУ) ; под ред. С. И. Мешкова 
210 |a Куйбышев  |c Изд-во КГУ  |d 1984 
215 |a 180 с.  |c ил. 
320 |a Библиография в конце статей 
606 1 |a Твердые тела  |x Физика  |2 stltpush  |3 (RuTPU)RU\TPU\subj\58684  |9 76461 
610 1 |a свойства 
610 1 |a полимеры 
610 1 |a синусоидальные волны 
610 1 |a идеальное течение 
610 1 |a флуктуации 
610 1 |a расчет 
610 1 |a масла 
610 1 |a железо 
610 1 |a медь 
610 1 |a сплавы 
610 1 |a гетеродиффузия 
610 1 |a металлические порошки 
610 1 |a исследование 
610 1 |a структура 
675 |a 539.2  |v 3 
702 1 |a Жирнов  |b А. А.  |4 340 
712 0 2 |a Куйбышевский государственный университет (КГУ)  |2 stltpush  |3 (RuTPU)RU\TPU\col\9904 
801 1 |a RU  |b 63413507  |c 20140616 
801 2 |a RU  |b 63413507  |c 20161226  |g RCR 
942 |c BK